Práctica elemental de auditoría : material de consulta /

Guardat en:
Dades bibliogràfiques
Autor principal: Mendívil Escalante, Víctor Manuel (autor)
Format: Llibre
Idioma:espanyol
Publicat: México : ECASA, 1991, c1983
Matèries:
Etiquetes: Afegir etiqueta
Sense etiquetes, Sigues el primer a etiquetar aquest registre!

MARC

LEADER 00000nam^a2200000^a^4500
001 000181776
005 20250521000000.0
009 20260310101942.896
020 |a 968-6014-22-5 
037 |a Acervo ITESO - Biblioteca 
041 |a ESP 
082 |a 657. 45  |b MEN 
100 |a Mendívil Escalante, Víctor Manuel  |e (autor) 
240 1 1 |a [Práctica elemental de auditoría] 
245 1 0 |a Práctica elemental de auditoría :  |b material de consulta /  |c V.M. Mendívil Escalante. 
264 4 |a México :  |b ECASA,  |c 1991, c1983 
300 |a 31 p. 
336 |a texto  |b txt  |2 rdacontenido 
337 |a sin mediación  |b n  |2 rdamedio 
338 |a volumen  |b nc  |2 rdasoporte 
649 |a XX 
650 |a Auditoría 
650 |a Contabilidad 
650 |a Ciencias Administrativas 
910 |a Fondo General 
920 |a Impresos - Libros 
930 |a Colección General 
905 |a 101 
901 |a 0500121540  |b IT1  |c ACC  |u 20250521 
902 |a https://opac.biblio.iteso.mx/vufind/Record/000181776